| 000 | 00811nam a2200241 a 4500 | ||
|---|---|---|---|
| 001 | BRCA_5510 | ||
| 005 | 20190320205118.0 | ||
| 008 | 030211s1948----nyua######---#000-0#eng-# | ||
| 041 | _aeng | ||
| 044 | _anyu | ||
| 050 | 4 |
_aN2220 _b.B46 1948 |
|
| 245 | 1 | 0 |
_aThe Berlin masterpieces _bpaintings from the Berlin Museums exhibited in cooperation whit the Department of the Army of the U.S.A. |
| 260 |
_aNueva York _bArt Foundation _c1948 |
||
| 300 |
_a85 p. _bil. (algunas a color), 87 láminas _c31 cm. |
||
| 440 | 0 |
_aAn Art News picture book _914079 |
|
| 500 | _aIncluye índice por autor | ||
| 500 | _aEstado físico: Encuadernación deteriorada | ||
| 500 | _aE186 | ||
| 650 | 1 | 4 |
_aPinturas _vExposiciones _zBerlín _914080 |
| 650 | 1 | 4 |
_aGalerías y museos _zAlemania _95059 |
| 902 | _aGFM | ||
| 942 |
_2lcc _cB |
||
| 999 |
_c5204 _d5204 |
||